Preradenie nehnuteľnosti z/do obchodného majetku z pohľadu dane z príjmov FO a PO

Článok približuje niektoré významné ustanovenia zákona o dani z príjmov, ktoré majú priamy vplyv na preradenie nehnuteľnosti z/do obchodného majetku. Osobitne je riešený pohľad fyzických a právnických osôb – špecifiká nakladania s obchodným majetkom v prípade fyzických osôb a v prípade právnických o...

Descrizione completa

Salvato in:
Dettagli Bibliografici
Autore principale: Cígerová, Nadežda
Natura: Capitolo di libro
Lingua:slovacco
Soggetti:
Tags: Aggiungi Tag
Nessun Tag, puoi essere il primo ad aggiungerne!!

MARC

LEADER 00000naa a2200000 4500
001 0312773
005 20251013152836.9
041 0 |a slo 
044 |a SK 
245 1 0 |a Preradenie nehnuteľnosti z/do obchodného majetku z pohľadu dane z príjmov FO a PO  |c Nadežda Cígerová 
520 |a Článok približuje niektoré významné ustanovenia zákona o dani z príjmov, ktoré majú priamy vplyv na preradenie nehnuteľnosti z/do obchodného majetku. Osobitne je riešený pohľad fyzických a právnických osôb – špecifiká nakladania s obchodným majetkom v prípade fyzických osôb a v prípade právnických osôb. 
610 2 0 |a účtovníctvo daňové 
610 2 0 |a dane z príjmov 
610 2 0 |a dane z prevodu a prechodu nehnuteľností 
610 2 0 |a nehnuteľnosti 
610 2 0 |a majetok obchodný 
610 2 0 |a osoby fyzické 
610 2 0 |a osoby právnické 
610 2 0 |a zákony 
100 1 |a Cígerová, Nadežda